000 00297nam a22001337a 4500
008 181008b xxu||||| |||| 00| 0 eng d
020 _a9781428230279
041 _aeng
080 _a371
100 _a25
101 _aEDU
245 _aThe Herbrace Guide to Writing
_cGlenn,Ch
942 _2udc
_cBK
999 _c48991
_d48991